Из собрания автографов... Публичной библиотеки (Запись № 5671777)

Подробности
000 -МАРКЕР
контрольное поле 01570nam0a22003131 4500
001 - ИДЕНТИФИКАТОР ЗАПИСИ
контрольное поле v19\rc\1587624
005 - ИДЕНТИФИКАТОР ВЕРСИИ
контрольное поле 20260406151836.0
035 ## - ДРУГИЕ СИСТЕМНЫЕ НОМЕРА
Идентификатор записи (NLR Aleph) 005237710
100 ## - ДАННЫЕ ОБЩЕЙ ОБРАБОТКИ
Данные общей обработки 20061002d1894 |||y0rusy50 ca
101 0# - ЯЗЫК РЕСУРСА
Язык текста, звукозаписи и т.д. русский
102 ## - СТРАНА ПУБЛИКАЦИИ ИЛИ ПРОИЗВОДСТВА
Страна публикации российская федерация
105 ## - ПОЛЕ КОДИРОВАННЫХ ДАННЫХ: ТЕКСТОВЫЕ МАТЕРИАЛЫ, МОНОГРАФИЧЕСКИЕ
Кодированные данные о монографическом текстовом документе y z |||e|
200 1# - ЗАГЛАВИЕ И СВЕДЕНИЯ ОБ ОТВЕТСТВЕННОСТИ
Основное заглавие Из собрания автографов... Публичной библиотеки
Наименование части Письма А.Ф. Воейкова и Ю.И. Венелина к А.А. Краевскому
-- Заметки и мысли В.А. Жуковского
210 ## - ПУБЛИКАЦИЯ, РАСПРОСТРАНЕНИЕ И ДР.
Место издания, распространения и т.д. Санкт-Петербург
Имя издателя, распространителя и т. д. Синод. тип.
Дата издания, распространения и т.д. 1894
215 ## - ФИЗИЧЕСКАЯ ХАРАКТЕРИСТИКА
Специфическое обозначение материала и объем 62 с.
Размеры 27
532 13 - РАСШИРЕННОЕ ЗАГЛАВИЕ
Заглавие Из собрания автографов Публичной библиотеки
702 #1 - ИМЯ ЛИЦА - ВТОРИЧНАЯ ОТВЕТСТВЕННОСТЬ
Начальный элемент ввода Венелин
Часть имени, кроме начального элемента ввода Ю.И.
Даты 1802-1839
Расширение инициалов личного имени Юрий Иванович
Код отношения Прочие
702 #1 - ИМЯ ЛИЦА - ВТОРИЧНАЯ ОТВЕТСТВЕННОСТЬ
Код отношения Адресат, Получатель писем
Материалы, к которым относится поле rus
Графика поля Кириллица
Начальный элемент ввода Краевский
Часть имени, кроме начального элемента ввода А. А.
Дополнения к именам, кроме дат публицист
Даты 1810-1889
Расширение инициалов личного имени Андрей Александрович
Идентификатор авторитетной/нормативной записи RU\NLR\AUTH\7759560
Системный номер авторитетной/нормативной записи 42491
702 #1 - ИМЯ ЛИЦА - ВТОРИЧНАЯ ОТВЕТСТВЕННОСТЬ
Код отношения Прочие
Материалы, к которым относится поле rus
Графика поля Кириллица
Начальный элемент ввода Жуковский
Часть имени, кроме начального элемента ввода В. А.
Даты 1783-1852
Дополнения к именам, кроме дат поэт
Расширение инициалов личного имени Василий Андреевич
Идентификатор авторитетной/нормативной записи RU\NLR\AUTH\775529
Системный номер авторитетной/нормативной записи 115493
702 #1 - ИМЯ ЛИЦА - ВТОРИЧНАЯ ОТВЕТСТВЕННОСТЬ
Код отношения Прочие
Материалы, к которым относится поле rus
Графика поля Кириллица
Начальный элемент ввода Воейков
Часть имени, кроме начального элемента ввода А. Ф.
Даты 1779-1839
Расширение инициалов личного имени Александр Федорович
Идентификатор авторитетной/нормативной записи RU\NLR\AUTH\7761421
Системный номер авторитетной/нормативной записи 44351
710 02 - НАИМЕНОВАНИЕ ОРГАНИЗАЦИИ - ПЕРВИЧНАЯ ОТВЕТСТВЕННОСТЬ
Начальный элемент ввода Публичная библиотека
Идентифицирующий признак Петербург
801 #0 - ИСТОЧНИК ЗАПИСИ
Страна российская федерация
Организация NLR
Дата составления 20061002
Правила каталогизации psbo
801 #0 - ИСТОЧНИК ЗАПИСИ
Страна российская федерация
Организация RuMoRGB
Дата составления 20061002
Источник данных psbo
801 #1 - ИСТОЧНИК ЗАПИСИ
Страна российская федерация
Организация ProSoft-M
Дата составления 20061002
Источник данных rusmarc
801 #2 - ИСТОЧНИК ЗАПИСИ
Страна российская федерация
Организация NLR
Дата составления 20080209
Источник данных rusmarc
852 ## - МЕСТОНАХОЖДЕНИЕ И ШИФР ХРАНЕНИЯ
Идентификатор организации NLR
Шифр хранения (Call Number) 72-7/1417
942 ## - ДОПОЛНИТЕЛЬНЫЕ ЭЛЕМЕНТЫ ЗАПИСИ (АБИС)
Тип экземпляра АБИС Книга
980 ## - КОЛЛЕКЦИЯ
Название коллекции Национальная библиография
Экземпляры
Тип экземпляра Дата поступления Библиотека постоянного хранения Библиотека текущего хранения Место хранения Шифр хранения Штрих-код Статус не для выдачи
Книга 26.10.2013 РНБ (Садовая) РНБ (Садовая) Русский книжный фонд -Главное здание, Ленинский читальный зал 72-7/1417 5237710-10